[Event "IHEM 2004"]
[Site "Hamburg"]
[Date "2004.06.06"]
[Round "9.8"]
[White "Pajeken, Wolfgang"]
[Black "Voigt, Martin"]
[Result "1/2-1/2"]
[WhiteElo "2323"]
[BlackElo "2258"]
[PlyCount "120"]
[EventDate "2004.??.??"]

1. Nf3 Nf6 2. c4 c6 3. d4 d5 4. Qc2 e6 5. g3 Be7 6. Bg2 O-O 7. O-O Nbd7 8. Nbd2
b6 9. e4 Ba6 10. b3 Rc8 11. e5 Ne8 12. Rd1 c5 13. cxd5 cxd4 14. Qe4 Bb7 15.
Qxd4 Bxd5 16. Nc4 Qc7 17. Bf4 Qb7 18. Ne1 Bxg2 19. Nxg2 Nb8 20. Rac1 Rd8 21.
Qc3 Rxd1+ 22. Rxd1 Qc6 23. Qd3 Nc7 24. h4 h6 25. Qe2 Nd5 26. Qg4 Kh7 27. Qf3 b5
28. Nd6 f5 29. Rc1 Qd7 30. Ne3 Nxf4 31. Qxf4 Bxd6 32. exd6 Nc6 33. Nc2 e5 34.
Qd2 Rf6 35. Rd1 e4 36. Qd5 Kh8 37. a3 f4 38. Qxe4 fxg3 39. fxg3 Rxd6 40. Rxd6
Qxd6 41. Kg2 Qd2+ 42. Kh3 Qd7+ 43. Kg2 Qd2+ 44. Kh3 Qd7+ 45. Kg2 Ne7 46. Nd4
Ng8 47. Ne6 Qe7 48. a4 bxa4 49. bxa4 Qe8 50. Ng5 Nf6 51. Qxe8+ Nxe8 52. Ne6 Kg8
53. Kf3 Nd6 54. Kf4 Kf7 55. Nd8+ Kf6 56. Nc6 a6 57. Nb4 a5 58. Nc6 Nc4 59. Ke4
h5 60. Kf4 Nb6 1/2-1/2

[Event "IHEM 2004"]
[Site "Hamburg"]
[Date "2004.06.06"]
[Round "9.9"]
[White "Farago, Ivan"]
[Black "Cording, Harm"]
[Result "1-0"]
[WhiteElo "2507"]
[BlackElo "2253"]
[PlyCount "71"]
[EventDate "2004.??.??"]

1. d4 Nf6 2. c4 d6 3. Nc3 Nbd7 4. e4 e5 5. Nf3 c6 6. Be2 Be7 7. O-O O-O 8. Be3
a6 9. d5 cxd5 10. cxd5 b5 11. Nd2 Ne8 12. b4 Bg5 13. Bxg5 Qxg5 14. a4 bxa4 15.
Nc4 Rb8 16. Qxa4 Nb6 17. Nxb6 Rxb6 18. Qa5 Rb8 19. Ra2 g6 20. Rb1 f5 21. Bxa6
fxe4 22. Nxe4 Qf4 23. Bd3 Bf5 24. Re2 Rc8 25. b5 Bxe4 26. Bxe4 Rc1+ 27. Rxc1
Qxc1+ 28. Qe1 Qc5 29. Qb1 Nf6 30. Bf3 Rb8 31. Rb2 e4 32. Be2 e3 33. f3 Qxd5 34.
Rc2 Qd4 35. g3 Kg7 36. Qb3 1-0

[Event "IHEM 2004"]
[Site "Hamburg"]
[Date "2004.06.06"]
[Round "9.10"]
[White "Vandrey, Wolfgang"]
[Black "Meyer, Falko"]
[Result "1-0"]
[WhiteElo "2302"]
[BlackElo "2368"]
[PlyCount "81"]
[EventDate "2004.??.??"]

1. d4 Nf6 2. Nf3 e6 3. g3 b5 4. Bg2 Bb7 5. O-O c5 6. Na3 a6 7. c4 cxd4 8. cxb5
Bxa3 9. bxa6 Rxa6 10. bxa3 O-O 11. Qxd4 Bd5 12. Bb2 Nc6 13. Qd3 Ra4 14. Nd2
Bxg2 15. Kxg2 Qa5 16. Nb3 Qa8 17. Kg1 d5 18. Rfc1 e5 19. Rc5 Re8 20. Rac1 Re6
21. R5c2 Ra7 22. Bxe5 Rxe5 23. Rxc6 Re8 24. Qf5 Rae7 25. e3 Qxa3 26. R1c2 h6
27. Rc8 Qa6 28. Nd4 g6 29. Rxe8+ Rxe8 30. Qf4 Qb6 31. Qxh6 Qb1+ 32. Kg2 Ne4 33.
Qf4 Qd1 34. Qf3 Qb1 35. Qe2 Ng5 36. Qb5 Rb8 37. Rc8+ Kg7 38. Rxb8 Qe4+ 39. f3
Qxe3 40. Qe2 Qxd4 41. Qb2 1-0

[Event "IHEM 2004"]
[Site "Hamburg"]
[Date "2004.06.06"]
[Round "9.11"]
[White "Von Buelow, Georg"]
[Black "Guzmann, Enrique"]
[Result "1-0"]
[WhiteElo "2339"]
[BlackElo "2230"]
[PlyCount "89"]
[EventDate "2004.??.??"]

1. e4 c5 2. Nf3 Nc6 3. d4 cxd4 4. Nxd4 g6 5. c4 Bg7 6. Be3 Nf6 7. Nc3 Ng4 8.
Qxg4 Nxd4 9. Qd1 Nc6 10. Qd2 Qa5 11. Rc1 Bxc3 12. Qxc3 Qxc3+ 13. Rxc3 d6 14.
Be2 Be6 15. O-O O-O 16. f4 f6 17. a3 Rfc8 18. Rfc1 b6 19. b4 Rab8 20. Kf2 Kf8
21. g4 Bg8 22. Rd1 Rd8 23. h4 h6 24. Rdc1 Kg7 25. Bf3 Rbc8 26. Rd1 Kf8 27. Be2
Kg7 28. c5 bxc5 29. bxc5 d5 30. exd5 Bxd5 31. Rcd3 Be4 32. Rd7 Rxd7 33. Rxd7
Kf8 34. Bb5 Ke8 35. Rxa7 Kd8 36. Ra6 f5 37. g5 hxg5 38. hxg5 Bd5 39. Bd2 e6 40.
Bc3 Kd7 41. Ra7+ Rc7 42. Ra6 Rb7 43. a4 Kc7 44. Ke3 Rb8 45. Rxc6+ 1-0

[Event "IHEM 2004"]
[Site "Hamburg"]
[Date "2004.06.06"]
[Round "9.12"]
[White "Kopylov, Michael"]
[Black "Hess, Christian"]
[Result "1-0"]
[WhiteElo "2433"]
[BlackElo "2305"]
[PlyCount "71"]
[EventDate "2004.??.??"]

1. d4 d5 2. c4 c6 3. Nf3 Nf6 4. Nc3 dxc4 5. e4 b5 6. e5 Nd5 7. a4 e6 8. axb5
Nxc3 9. bxc3 cxb5 10. Ng5 Bb7 11. Qh5 g6 12. Qg4 Be7 13. Be2 Bd5 14. Bf3 Nc6
15. Ne4 b4 16. Bh6 bxc3 17. Bg7 Nxd4 18. Nd6+ Bxd6 19. Qxd4 Bb4 20. Bxh8 c2+
21. Kf1 Bxf3 22. Qxd8+ Rxd8 23. gxf3 Rd4 24. Ke2 Rd2+ 25. Ke3 Rd3+ 26. Kf4 Bd2+
27. Ke4 a5 28. Bf6 Rc3 29. Rhc1 a4 30. Kd4 Rd3+ 31. Kxc4 Bxc1 32. Rxc1 Rd2 33.
Bh4 g5 34. Kc3 Re2 35. Bg3 h5 36. Kd3 1-0

[Event "IHEM 2004"]
[Site "Hamburg"]
[Date "2004.06.06"]
[Round "9.13"]
[White "Lindinger, Markus"]
[Black "Parindra, Amran Mojo Pahit"]
[Result "1-0"]
[WhiteElo "2339"]
[BlackElo "2032"]
[PlyCount "128"]
[EventDate "2004.??.??"]

1. d4 Nf6 2. c4 e6 3. Nc3 Bb4 4. e3 b6 5. Nge2 Bb7 6. a3 Bxc3+ 7. Nxc3 O-O 8.
Bd3 d5 9. cxd5 exd5 10. b4 Re8 11. O-O Nbd7 12. Qb3 Nf8 13. Ra2 Ne6 14. Rc2 a6
15. Ne2 g6 16. Bd2 Rc8 17. Rfc1 Kg7 18. Be1 Ng5 19. Nf4 Qd7 20. Be2 h5 21. f3
Ne6 22. Nd3 Re7 23. Bg3 Ne8 24. Ne5 Qd8 25. Nc6 Bxc6 26. Rxc6 Ra8 27. Bd3 Qd7
28. R6c3 Ra7 29. Bb1 Rb7 30. Bh4 f6 31. Qc2 Nf8 32. Qd3 Ra7 33. e4 g5 34. Bf2
dxe4 35. fxe4 Nd6 36. e5 fxe5 37. dxe5 Nf7 38. Bd4 Kh6 39. Rf1 Re6 40. Ba2 c5
41. bxc5 bxc5 42. Rxc5 Rb7 43. Bxe6 Nxe6 44. Rf6+ Kg7 45. Qg6+ Kh8 46. Qxh5+
Kg8 47. Qg6+ Kh8 48. Rc4 Nxd4 49. Rxf7 Ne2+ 50. Kf2 Qxf7+ 51. Qxf7 Rxf7+ 52.
Kxe2 Re7 53. Re4 Re6 54. Kd3 Kh7 55. Kd4 Kg6 56. Kd5 Re8 57. e6 Kf6 58. e7 Rxe7
59. Rxe7 Kxe7 60. g4 Kf6 61. Kd6 Kf7 62. Ke5 Ke7 63. Kf5 Kd6 64. Kxg5 Kc5 1-0

[Event "IHEM 2004"]
[Site "Hamburg"]
[Date "2004.06.06"]
[Round "9.14"]
[White "Sawadkuhi, Massoud"]
[Black "Putzbach, Gerd"]
[Result "1-0"]
[WhiteElo "2254"]
[BlackElo "2268"]
[PlyCount "83"]
[EventDate "2004.??.??"]

1. e4 c5 2. Nf3 e6 3. d4 cxd4 4. Nxd4 Nf6 5. Nc3 d6 6. Be3 a6 7. f3 b5 8. Qd2
Bb7 9. g4 Nc6 10. g5 Nd7 11. Nxc6 Bxc6 12. O-O-O b4 13. Ne2 d5 14. Nd4 Bb7 15.
exd5 Bxd5 16. Bg2 Bc5 17. f4 Bxg2 18. Qxg2 O-O 19. Kb1 Qb6 20. Bg1 Rac8 21. f5
Ne5 22. Qe4 Qd6 23. Bf2 Rfd8 24. Qe2 Bxd4 25. Rxd4 Qc6 26. Rxd8+ Rxd8 27. Rd1
Rc8 28. fxe6 fxe6 29. h4 Nc4 30. h5 e5 31. Be1 a5 32. c3 Qb5 33. Qg4 Qc6 34.
Qd7 Qe4+ 35. Qd3 Qf4 36. g6 hxg6 37. hxg6 Ne3 38. Bd2 bxc3 39. Bxe3 Qh4 40.
Qd5+ Kh8 41. Rh1 c2+ 42. Kc1 1-0

[Event "IHEM 2004"]
[Site "Hamburg"]
[Date "2004.06.06"]
[Round "9.15"]
[White "Bach, Matthias"]
[Black "Kröncke, Manfred"]
[Result "0-1"]
[WhiteElo "2351"]
[BlackElo "2190"]
[PlyCount "86"]
[EventDate "2004.??.??"]

1. d4 d5 2. c4 e6 3. Nc3 Nf6 4. Nf3 Be7 5. g3 O-O 6. Bg2 Nbd7 7. O-O b6 8. cxd5
exd5 9. Ne5 Bb7 10. Qb3 c6 11. e4 Nxe5 12. dxe5 Nxe4 13. Nxe4 dxe4 14. Bxe4 Bc5
15. Bf4 Qe7 16. h4 Qe6 17. Qc2 g6 18. Qc3 Rfd8 19. Rfd1 Be7 20. b4 b5 21. a3
Bxh4 22. Rxd8+ Bxd8 23. Rd1 Be7 24. Rc1 Rc8 25. Qe3 Ra8 26. Kh2 Bd8 27. Bg2 Bb6
28. Qc3 Re8 29. Rd1 Bxf2 30. Bh3 Qc4 31. Qb2 Bb6 32. Bh6 Rd8 33. e6 f6 34. e7
Re8 35. Re1 Bd4 36. Qd2 f5 37. Bxf5 gxf5 38. Qg5+ Kh8 39. Qh5 Qg8 40. Qd1 c5
41. Qh5 Qg6 42. Qh4 Bf6 43. Qf4 Qh5+ 0-1

[Event "IHEM 2004"]
[Site "Hamburg"]
[Date "2004.06.06"]
[Round "9.16"]
[White "Maahs, Erich"]
[Black "Engelbert, Christoph"]
[Result "0-1"]
[WhiteElo "2178"]
[BlackElo "2213"]
[PlyCount "100"]
[EventDate "2004.??.??"]

1. e4 g6 2. d4 Bg7 3. c4 Nc6 4. Nf3 e5 5. d5 Nd4 6. Nxd4 exd4 7. Bd3 c5 8. O-O
d6 9. Nd2 Ne7 10. Qe2 O-O 11. f4 Qc7 12. f5 f6 13. Qg4 gxf5 14. exf5 Ng6 15.
Qg3 Ne5 16. Ne4 Kh8 17. Bf4 Bxf5 18. Bxe5 fxe5 19. Ng5 e4 20. Bxe4 Bxe4 21.
Nxe4 Be5 22. Qh3 Qe7 23. Rae1 Bf4 24. Kh1 Be5 25. Qh6 Rxf1+ 26. Rxf1 Re8 27.
Ng5 Bf4 28. h4 Bxg5 29. hxg5 Rg8 30. Qf6+ Qxf6 31. gxf6 Rf8 32. Kg1 Kg8 33. Rf3
Kf7 34. Ra3 Ra8 35. b4 cxb4 36. Rd3 Kxf6 37. Rxd4 Ke5 38. Rh4 a5 39. Kf2 b5 40.
cxb5 Kxd5 41. Ke3 Kc5 42. Rh5+ Kb6 43. a4 bxa3 44. Rd5 Re8+ 45. Kf2 Re6 46. Rd3
Kxb5 47. Rxa3 a4 48. Ra1 Re4 49. Rh1 a3 50. Rxh7 a2 0-1

[Event "IHEM 2004"]
[Site "Hamburg"]
[Date "2004.06.06"]
[Round "9.17"]
[White "Schulz, Hans-Juergen"]
[Black "Limbach, Torsten"]
[Result "1/2-1/2"]
[WhiteElo "2074"]
[BlackElo "2079"]
[PlyCount "122"]
[EventDate "2004.??.??"]

1. e4 e6 2. Nf3 d5 3. e5 c5 4. b4 cxb4 5. a3 Nc6 6. axb4 Bxb4 7. c3 Be7 8. d4
f6 9. exf6 Nxf6 10. Bd3 O-O 11. O-O Qe8 12. Qc2 Qh5 13. Bf4 Ne4 14. Bg3 Nxg3
15. hxg3 Rf6 16. g4 Qxg4 17. Nh2 Qh4 18. Nd2 Bd6 19. g3 Qh5 20. f4 Qh3 21. Rf3
Rh6 22. Ndf1 Rf6 23. Qf2 Qh5 24. Ne3 Rf8 25. g4 Qf7 26. Rf1 Bd7 27. Qh4 g6 28.
g5 Qg7 29. Nhg4 Be7 30. Rh3 Rae8 31. Kg2 h5 32. gxh6 Bxh4 33. hxg7 Kxg7 34.
Rxh4 Rh8 35. Rfh1 Rxh4 36. Rxh4 Rf8 37. Ne5 Nxe5 38. fxe5 Rc8 39. c4 dxc4 40.
Nxc4 b5 41. Nd6 Rb8 42. Rg4 b4 43. Rxg6+ Kf8 44. Rf6+ Ke7 45. Rf7+ Kd8 46. Ne4
a5 47. Nc5 Bc6+ 48. Be4 Bxe4+ 49. Nxe4 a4 50. Rf8+ Kc7 51. Rxb8 Kxb8 52. Nc5 a3
53. Na6+ Kb7 54. Nxb4 Kb6 55. Kf3 Kb5 56. Nc2 a2 57. d5 exd5 58. Ke3 Kc5 59.
Kd3 d4 60. Nxd4 Kd5 61. Nb3 Kxe5 1/2-1/2